000
00220 a2200097 4500
001
13617
100
_a
Panhwar K M
245
_a
Shaikh Abdul Majeed Sindhi
260
_a
Karachi
_b
Royal Book Co.
_c
090
_c
10615
_d
10615
942
_a
NUST-CAE
_c
M
_c
687
999
_c
248690
_d
248690